Máy trục vận chuyển
محفوظ في:
| المؤلف الرئيسي: | |
|---|---|
| التنسيق: | كتاب |
| اللغة: | Undetermined |
| منشور في: |
Hà Nội
Giao thông vận tải
2000
|
| الموضوعات: | |
| الوسوم: |
إضافة وسم
لا توجد وسوم, كن أول من يضع وسما على هذه التسجيلة!
|
| Thư viện lưu trữ: | Trung tâm Học liệu Trường Đại học Cần Thơ |
|---|
| LEADER | 00547nam a2200169Ia 4500 | ||
|---|---|---|---|
| 001 | CTU_39408 | ||
| 008 | 210402s9999 xx 000 0 und d | ||
| 082 | |a 621.873 | ||
| 082 | |b H466 | ||
| 100 | |a Nguyễn Văn Hợp | ||
| 245 | 0 | |a Máy trục vận chuyển | |
| 245 | 0 | |c Nguyễn Văn Hợp, Lê Thiện Thành, Phạm Thị Nghĩa | |
| 260 | |a Hà Nội | ||
| 260 | |b Giao thông vận tải | ||
| 260 | |c 2000 | ||
| 650 | |a mechanical engineering,mechanics | ||
| 980 | |a Trung tâm Học liệu Trường Đại học Cần Thơ | ||